|
|
|
|
| LEADER |
00805nam a22002057a 4500 |
| 008 |
160418b xxu||||| |||| 00| 0 eng d |
| 082 |
|
|
|a 378.12
|
| 100 |
|
|
|a Sandeep, A
|
| 245 |
|
|
|a Job satisfaction in relation to professional enrichment among teacher educators /
|c Sandeep, A
|
| 260 |
|
|
|c 2013.
|
| 300 |
|
|
|a 123p.
|c 29Cm.
|
| 502 |
|
|
|a Thesis (M Ed.)--M C T training college ,University of Calicut, 2013.
|
| 504 |
|
|
|a Includes bibliographical references (p. 119-123).
|
| 650 |
|
|
|a Teacher educators--Job satisfaction
|
| 650 |
|
|
|a College teachers--Job satisfaction
|
| 650 |
|
|
|a Job satisfaction
|
| 796 |
|
|
|c Dr.
|e Thesis advisor.
|a Smitha, P R
|
| 942 |
|
|
|c PD
|
| 999 |
|
|
|c 111719
|d 111719
|
| 952 |
|
|
|0 0
|1 0
|4 0
|6 378_120000000000000_SAN_J
|7 0
|9 117077
|a UL
|b UL
|c REF
|d 2016-04-18
|l 0
|o 378.12 SAN/J
|p NB6399
|r 2016-04-18
|y PD
|